Pflanzenchemie und pflanzenverwandtschaft, (Record no. 9625)

MARC details
000 -LEADER
fixed length control field 00613cam a22002171 4500
001 - CONTROL NUMBER
control field agr34000379
003 - CONTROL NUMBER IDENTIFIER
control field DLC
005 - DATE AND TIME OF LATEST TRANSACTION
control field 20260227110953.0
008 - FIXED-LENGTH DATA ELEMENTS--GENERAL INFORMATION
fixed length control field 800820s1933 gw a b 000 0 ger
010 ## - LIBRARY OF CONGRESS CONTROL NUMBER
LC control number agr34000379
035 ## - SYSTEM CONTROL NUMBER
System control number (OCoLC)6638240
040 ## - CATALOGING SOURCE
Original cataloging agency DLC
Transcribing agency NIC
Modifying agency DLC
042 ## - AUTHENTICATION CODE
Authentication code premarc
050 00 - LIBRARY OF CONGRESS CALL NUMBER
Classification number QK861
Item number .M64
100 1# - MAIN ENTRY--PERSONAL NAME
Personal name Molisch, Hans,
Dates associated with a name 1856-1937.
245 10 - TITLE STATEMENT
Title Pflanzenchemie und pflanzenverwandtschaft,
Statement of responsibility, etc. von Dr. Hans Molisch.
260 ## - PUBLICATION, DISTRIBUTION, ETC.
Place of publication, distribution, etc. Jena,
Name of publisher, distributor, etc. G. Fischer,
Date of publication, distribution, etc. 1933.
300 ## - PHYSICAL DESCRIPTION
Extent vii, 118 p.
Other physical details illus.
Dimensions 24 cm.
504 ## - BIBLIOGRAPHY, ETC. NOTE
Bibliography, etc. note "Literatur": p. 90-92, 116-17.
650 #0 - SUBJECT ADDED ENTRY--TOPICAL TERM
Topical term or geographic name entry element Botanical chemistry.

No items available.

Powered by Koha